000 00402nam a2200145Ia 4500
008 100122s9999 xx 000 0 und d
082 _b21660
_a824
100 _aखांडेकर वि स
245 _aमंजिऱ्या
260 _bरा.ज.देशमुख
_c1955
300 _a105
630 _aमंजिऱ्या
730 _aमंजिऱ्या
942 _cBOOK
999 _c409615
_d409612